000 00644cab a2200205 4500
001 WB2538-29
008 090401t1989 xxu||||| |||| 00| 0 eng d
035 _a(Sirsi) u53060
041 _aeng
245 _aEstate agents set for New Year ombudsman
260 _c1989
350 _a0
490 _aFinancial Adviser
_vNo 123 28/9/89 p7
520 _aA grouping of 11 institutionally-owned estate agencies is set to launch its own ombudsman scheme at the beginning of 1990.
650 _aCODE OF CONDUCT
650 _aINSTITUTIONS
690 _aMANAGEMENT-BUSINESS MANAGEMENT-PROFESSIONAL PRACTICE
942 _n0
948 _c04/03/1997
999 _c32732
_d32732